হরিশংকর জলদাসের উপন্যাসে প্রান্তিক মানুষের জীবনবোধ = [Life Experience of Marginal People in the Novel of Harishankar Jaladas] / (Record no. 85405)
[ view plain ]
| 000 -LEADER | |
|---|---|
| fixed length control field | 01757nam a2200289 a 4500 |
| 001 - CONTROL NUMBER | |
| RUCL Control Number | 85405 |
| 003 - CONTROL NUMBER IDENTIFIER | |
| rucl marc code | BD-RjUL |
| 005 - DATE AND TIME OF LATEST TRANSACTION | |
| control field | 20250803111104.0 |
| 008 - FIXED-LENGTH DATA ELEMENTS--GENERAL INFORMATION | |
| fixed length control field | 250803s2024 bg ||||| m||| 00| 0 ben d |
| 035 ## - SYSTEM CONTROL NUMBER | |
| system control number | (BD-RjUL)85405 |
| 040 ## - CATALOGING SOURCE | |
| Original cataloging agency | BD-RjUL |
| Language of cataloging | ben/eng |
| Transcribing agency | BD-RjUL |
| Modifying agency | BD-RjUL |
| 041 ## - LANGUAGE CODE | |
| Language code of Book | ben |
| 082 ## - DEWEY DECIMAL CLASSIFICATION NUMBER | |
| DDC Edition number | 23 |
| Classification number | 891.443 |
| Author mark and Year | RAH 2024 |
| 100 ## - MAIN ENTRY--PERSONAL NAME | |
| Personal name | রশিদ, মো. আব্দুর |
| 9 (RLIN) | 16403 |
| 245 10 - TITLE STATEMENT | |
| Title | হরিশংকর জলদাসের উপন্যাসে প্রান্তিক মানুষের জীবনবোধ = [Life Experience of Marginal People in the Novel of Harishankar Jaladas] / |
| Statement of responsibility, etc | মো. আব্দুর রশিদ |
| Name of Supervisor/Co-Supervisor | তত্তাবধায়ক : স্বরোচিষ সরকার |
| 246 ## - VARYING FORM OF TITLE | |
| Title proper/short title | Life Experience of Marginal People in the Novel of Harishankar Jaladas |
| 260 ## - PUBLICATION, DISTRIBUTION, ETC. (IMPRINT) | |
| Place of publication, distribution, etc | রাজশাহী : |
| Name of publisher, distributor, etc | ইনস্টিটিউট অব বাংলাদেশ স্টাডিজ বিভাগ, রাজশাহী বিশ্ববিদ্যালয়, |
| Date of publication, distribution, etc | ২০২৪ |
| 300 ## - PHYSICAL DESCRIPTION | |
| Pagination | ড, ২৭৩ পাতা ; |
| Dimensions | ২৯ সেমি. |
| 502 ## - DISSERTATION NOTE | |
| Dissertation note | থিসিস (পিএইচিড)-- ইনস্টিটিউট অব বাংলাদেশ স্টাডিজ, রাজশাহী বিশ্ববিদ্যালয়, ২০২৪ |
| 504 ## - BIBLIOGRAPHY, ETC. NOTE | |
| Bibliography, etc | গ্রন্থপঞ্জি : পাতা ২২৭-২৪১ |
| 600 ## - SUBJECT ADDED ENTRY--PERSONAL NAME | |
| Personal name | Jaladas, Harishankar |
| Dates associated with a name | 1955- |
| -- | 16404 |
| 650 ## - SUBJECT ADDED ENTRY--TOPICAL TERM | |
| Topical term or geographic name as entry element | Bengali fiction. |
| 9 (RLIN) | 16405 |
| Topical term or geographic name as entry element | বাংলা উপন্যাস |
| Topical term or geographic name as entry element | Bengali fiction |
| General subdivision | Social life and customs. |
| 9 (RLIN) | 3020 |
| 700 ## - ADDED ENTRY--SUPERVISOR/CO-SUPERVISOR NAME | |
| Personal name | সরকার, স্বরোচিষ, তত্তাবধায়ক |
| 9 (RLIN) | 8621 |
| 942 ## - ADDED ENTRY ELEMENTS (KOHA) | |
| Source of classification or shelving scheme | Dewey Decimal Classification |
| Koha item type | Theses |
| Source of classification or shelving scheme | Damaged status | Not for loan | Collection code | Permanent Location | Current Location | Shelving location | Date of accession | Source of acquisition | Total Checkouts | Full call number | Barcode | Date last seen | Copy number | Thesis |
|---|---|---|---|---|---|---|---|---|---|---|---|---|---|---|
| Dewey Decimal Classification | Not For Loan | Theses | Central Library, University of Rajshahi | Central Library, University of Rajshahi | Documentation Section | 30/07/2025 | Controller of Examination Office, University of Rajshahi, Rajshahi. | BTHE 891.443 RAH 2024 | D5174 | 03/08/2025 | C-1 | Theses |